[Event "BL2 West 2223 (Women)"]
[Site "Germany"]
[Date "2023.03.12"]
[Round "7.5"]
[White "Rieseler, Caroline"]
[Black "Stappenbeck, Nina"]
[Result "1-0"]
[WhiteElo "2114"]
[BlackElo "1573"]
[PlyCount "65"]
[EventDate "2022.10.15"]
[EventType "team-tourn"]
[EventRounds "7"]
[EventCountry "GER"]
[SourceTitle "EXT 2025"]
[Source "ChessBase"]
[SourceDate "2024.10.14"]
[SourceVersion "1"]
[SourceVersionDate "2024.10.14"]
[SourceQuality "1"]
[WhiteTeam "Hofheim (W)"]
[BlackTeam "Hamburger SK (W) II"]
[WhiteTeamCountry "GER"]
[BlackTeamCountry "GER"]

1. e4 c5 2. Nf3 d6 3. d4 cxd4 4. Nxd4 Nf6 5. Nc3 g6 6. Be2 Bg7 7. 0-0 0-0 8. Re1 Nc6 9. Nb3 a6 10. a4 Bd7 11. Bf1 Qc7 12. Bg5 Rab8 13. Bxf6 Bxf6 14. Nd5 Qd8 15. Nxf6+ exf6 16. Qxd6 f5 17. Rad1 Be6 18. Nc5 Qxd6 19. Rxd6 Rfe8 20. Nxe6 fxe6 21. Bc4 Nd8 22. exf5 gxf5 23. Bxe6+ Nxe6 24. Rexe6 Rxe6 25. Rxe6 Rd8 26. g3 Rd2 27. Rb6 Rd7 28. Kg2 Kg7 29. Kf3 Rc7 30. c3 Kf7 31. Kf4 Kg7 32. Kxf5 Kf7 33. Kg5 1-0